Prefectures of Greece - Statistics

General Stats
  • This quiz has been taken 440 times
    438 since last reset
  • The average score is 32 of 52
Answer Stats
Area (km2) Prefecture % Correct
3.808 Attica
91%
3.683 Thessaloniki
83%
2.641 Heraklion
78%
641 Corfu (Kerkyra)
76%
2.376 Chania
73%
1.793 Xanthi
73%
1.662 Arta
72%
4.990 Ioannina
71%
5.381 Larissa
71%
2.154 Lesbos
71%
4.167 Euboea
70%
4.241 Evros
69%
3.968 Serres
69%
778 Samos
67%
904 Chios
66%
2.112 Kavala
66%
2.572 Cyclades
65%
1.925 Florina
65%
406 Zakynthos
65%
1.496 Rethymno
64%
3.383 Trikala
64%
3.636 Laconia
62%
1.036 Preveza
62%
2.543 Rhodope
62%
2.918 Chalkidiki
61%
3.468 Drama
61%
1.720 Kastoria
61%
3.516 Kozani
61%
2.991 Messenia
61%
904 Cephalonia
60%
3.272 Achaea
59%
5.461 Aetolia-Acarnania
59%
2.618 Elis
59%
356 Lefkada
59%
1.823 Lasithi
57%
2.636 Magnesia
57%
4.419 Arcadia
56%
2.506 Pella
56%
2.636 Karditsa
55%
2.519 Kilkis
55%
2.714 Dodecanese
54%
2.291 Grevena
54%
2.952 Boeotia
53%
2.290 Corinthia
53%
1.701 Imathia
52%
1.517 Pieria
52%
2.154 Argolis
51%
1.515 Thesprotia
51%
4.441 Phthiotis
50%
2.121 Phocis
49%
1.869 Evrytania
47%
336 Mount Athos
36%
No matching quizzes found
Score Distribution
Percent of People with Each Score
Percentile by Number Answered
Your Score History
You have not taken this quiz since the last reset